Návrh reproduktorových ozvučníc a sústav = The Design of Loudspeakers Cabinets and Loudspeaker Systems

Saved in:
Bibliographic Details
Main Author: Schnierer, Branislav (Author)
Other Authors: Bača, Branislav (Thesis advisor), Paško, Miroslav, 1938- (Thesis advisor)
Format: Manuscript Book
Language:Slovak
Published: Bratislava : STU v Bratislave FEI, 2003
Subjects:
Tags: Add Tag
No Tags, Be the first to tag this record!

MARC

LEADER 00000ntm a22000003a 4500
001 stu83275
005 20160719164718.1
008 040122s2003------------------------slo-d
040 |a STU  |b slo 
041 0 |a slo 
100 1 |a Schnierer, Branislav  |4 aut 
245 1 |a Návrh reproduktorových ozvučníc a sústav = The Design of Loudspeakers Cabinets and Loudspeaker Systems 
260 |a Bratislava :  |b STU v Bratislave FEI,  |c 2003 
300 |a 74 s 
650 7 |a elektronika  |2 stusub 
700 1 |a Bača, Branislav  |4 ths  |u E230  |U FEI Fakulta elektrotechniky a informatiky  |T FEI Katedra rádioelektroniky  |U E230  |Y 71 
700 1 |a Paško, Miroslav,  |d 1938-  |4 ths  |u E230  |U FEI Fakulta elektrotechniky a informatiky  |T FEI Katedra rádioelektroniky  |X 4685  |U E230  |Y 71  |7 A000004685